000 00614nam a22002057a 4500
999 _c8430
_d8430
003 GBCCL
005 20241126110650.0
008 210217b ||||| |||| 00| 0 eng d
020 _a0687016118 (pbk. : alk. paper)
040 _cGBC
082 _a270
_bGON
100 _aGonzález, Justo L.
_9913
245 _aChurch history :
_ban essential guide /
_cJusto L. González.
260 _aNashville :
_bAbingdon Press,
_cc1996.
300 _a95 p. ;
_b23 cm.
440 _aAbingdon essential guides
_914766
504 _aIncludes bibliographical references.
650 _aChurch history.
_9117
942 _2ddc
_cBK
_018